[Event "The New Year Standard Chess Tourney"]
[Site "SchemingMind.com"]
[Date "2006.01.08"]
[Round "-"]
[White "sythymesnos"]
[Black "dvella"]
[Result "0-1"]
[WhiteCountry "FRA"]
[BlackCountry "MLT"]
[WhiteElo "1835"]
[WhiteRD "60"]
[BlackElo "1949"]
[BlackRD "87"]
[GameID "35471"]

1. e4 c5 2. Nf3 d6 3. d4 cxd4 4. Nxd4 Nf6 5. Nc3 g6 6. f3 Bg7 7. Be3 Nc6 8. Bb5 Bd7 9. Qd2 a6 10. Nxc6 bxc6
11. Ba4 O-O 12. O-O c5 13. Bxd7 Nxd7 14. Rab1 Ne5 15. b3 Nc6 16. Nd5 e6 17. Nf4 Qe7 18. Rfd1 Rfd8 19. Nd3 Nd4 20. Nb4 Nxf3+
21. gxf3 cxb4 22. Qxb4 Rab8 23. Qa3 Rb5 24. c4 Rh5 25. Rd2 Rh3 26. Bf4 Rxf3 27. Bxd6 Qg5+ 28. Rg2 Qe3+ 29. Kh1 Qd3 30. Rc1 Qxd6
31. Qa5 Rd3
0-1

[Event "The New Year Standard Chess Tourney"]
[Site "SchemingMind.com"]
[Date "2006.01.08"]
[Round "-"]
[White "sythymesnos"]
[Black "brightnight"]
[Result "1-0"]
[WhiteCountry "FRA"]
[BlackCountry "USA"]
[WhiteElo "1894"]
[WhiteRD "68"]
[BlackElo "1498"]
[BlackRD "84"]
[GameID "35472"]

1. e4 c5 2. Nf3 g6 3. d4 cxd4 4. Nxd4 Bg7 5. Nc3 Nc6 6. Be3 e6 7. Qd2 Nf6 8. f3 O-O 9. O-O-O a6 10. Kb1 Nxd4
11. Bxd4 d6 12. h4 e5 13. Bxe5 dxe5 14. Qxd8 Rxd8 15. Rxd8+ Bf8 16. g3 Kg7 17. Bh3 Ra7 18. Rxc8 Bb4 19. Nd5 a5 20. g4 Nd7
21. g5 Nf8 22. Rd1 Ne6 23. Nf6 Bf8 24. Bxe6 fxe6 25. Rd7+
1-0

[Event "The New Year Standard Chess Tourney"]
[Site "SchemingMind.com"]
[Date "2006.01.08"]
[Round "-"]
[White "sythymesnos"]
[Black "ld31337"]
[Result "1-0"]
[WhiteCountry "FRA"]
[BlackCountry "USA"]
[WhiteElo "1894"]
[WhiteRD "68"]
[BlackElo "1307"]
[BlackRD "98"]
[GameID "35473"]

1. e4 e5 2. f4 d6 3. Nf3 Nc6 4. Bc4 Be6 5. Bxe6 fxe6 6. fxe5 dxe5 7. O-O Bc5+ 8. Kh1 Nf6 9. d3 O-O 10. Bg5 Qe8
11. h3 Nh5 12. Bh4 Be7 13. Kh2 Qg6 14. Qe1 Rad8 15. Nbd2 Nd4 16. Bxe7 Nxc2 17. Qh4 Rf4 18. Qf2 Rxd3 19. Rac1 Nd4 20. Rxc7 Rxd2
21. Nxe5 Rfxf2 22. Rc8+
1-0

[Event "The New Year Standard Chess Tourney"]
[Site "SchemingMind.com"]
[Date "2006.01.08"]
[Round "-"]
[White "sythymesnos"]
[Black "Otbplayer"]
[Result "1/2-1/2"]
[WhiteCountry "FRA"]
[BlackCountry "ENG"]
[WhiteElo "1765"]
[WhiteRD "59"]
[BlackElo "1856"]
[BlackRD "92"]
[GameID "35474"]

1. e4 c6 2. d4 d5 3. e5 Bf5 4. g4 Be4 5. f3 Bg6 6. h4 h6 7. h5 Bh7 8. e6 fxe6 9. Bd3 Nf6 10. Bxh7 Rxh7
11. Qd3 Qc7 12. Ne2 Nbd7 13. Qg6+ Kd8 14. b3 e5 15. c3 exd4 16. cxd4 e5 17. Qf5 Bb4+ 18. Kf2 Kc8 19. Kg2 b6 20. Bb2 exd4
21. Bxd4 Kb7 22. a3 Bd6 23. Nbc3 Be5 24. Rhc1 Rhh8 25. Nb5 Qb8 26. Qe6 c5 27. Bxe5 Qxe5 28. Ned4 Qxe6 29. Nxe6 Ne8 30. b4 a6
31. Nc3 Kc6 32. Rab1 Kd6 33. Re1 d4 34. Rbd1 Rg8 35. bxc5+ bxc5 36. Na4 Nc7 37. Nexc5 Nxc5 38. Rxd4+ Kc6 39. Rc4 Ne6 40. Nxc5 Nxc5
41. Re5 Kd6 42. Rexc5 Ra7 43. Rc6+ Kd7=
1/2-1/2

[Event "The New Year Standard Chess Tourney"]
[Site "SchemingMind.com"]
[Date "2006.01.15"]
[Round "-"]
[White "Ashmaster"]
[Black "sythymesnos"]
[Result "0-1"]
[WhiteCountry "IRL"]
[BlackCountry "FRA"]
[WhiteElo "1556"]
[WhiteRD "61"]
[BlackElo "1765"]
[BlackRD "59"]
[GameID "35476"]

1. e4 c6 2. d4 d5 3. Nc3 dxe4 4. Nxe4 Bf5 5. Ng3 Bg6 6. h4 h6 7. Nf3 Nd7 8. h5 Bh7 9. Bd3 Bxd3 10. Qxd3 Ngf6
11. Bf4 Qa5+ 12. c3 O-O-O 13. O-O Nxh5 14. Nxh5 Qxh5 15. Nh2 e6 16. Qf3 Qxf3 17. Nxf3 g5 18. Be3 f5 19. Rfe1 Bd6 20. Bd2 Rde8
21. a4 e5 22. dxe5 Nxe5 23. Nxe5 Bxe5 24. g3 f4 25. gxf4 gxf4 26. Re4 Bc7 27. Rae1 Rxe4 28. Rxe4 Rf8 29. Re6 h5 30. Rh6 Rf5
31. Rh8+= Kd7 32. Rh7+ Kd6 33. Rh6+ Kd5 34. b3 b5 35. axb5 cxb5 36. Rh7 Bb6 37. Rd7+ Ke4 38. Re7+ Kf3 39. Be1 Rg5+ 40. Kf1 Rg2
41. Rh7 Bxf2 42. Bxf2 Rxf2+ 43. Ke1 Rh2 44. Rxa7 h4 45. Rb7 h3 46. Rxb5 Rc2
0-1

[Event "The New Year Standard Chess Tourney"]
[Site "SchemingMind.com"]
[Date "2006.01.08"]
[Round "-"]
[White "dvella"]
[Black "sythymesnos"]
[Result "1-0"]
[WhiteCountry "MLT"]
[BlackCountry "FRA"]
[WhiteElo "1969"]
[WhiteRD "85"]
[BlackElo "1765"]
[BlackRD "59"]
[GameID "35477"]

1. e4 c6 2. d4 d5 3. Nc3 dxe4 4. Nxe4 Bf5 5. Ng3 Bg6 6. h4 h6 7. Nf3 Nd7 8. h5 Bh7 9. Bd3 Bxd3 10. Qxd3 Ngf6
11. Bf4 Qa5+ 12. Bd2 Qc7 13. O-O-O O-O-O 14. Ne4 Nxe4 15. Qxe4 Nf6 16. Qe2 e6 17. g3 Bd6 18. Kb1 Kb8 19. Ne5 Ka8 20. Nc4 Be7
21. Bf4 Qc8 22. g4 Nd5 23. Be5 Rhg8 24. Rh3 b5 25. Na3 f6 26. Bh2 Bb4 27. c4 bxc4 28. Qxc4 Qb7 29. Rc1 Rc8 30. Rb3 a5
31. Nc2 Qe7 32. a3 Bd2 33. Bd6 Qd7 34. Bc5 Rc7 35. Qa6+ Ra7 36. Bxa7 Qxa7 37. Qxc6+
1-0

[Event "The New Year Standard Chess Tourney"]
[Site "SchemingMind.com"]
[Date "2006.01.08"]
[Round "-"]
[White "brightnight"]
[Black "sythymesnos"]
[Result "0-1"]
[WhiteCountry "USA"]
[BlackCountry "FRA"]
[WhiteElo "1485"]
[WhiteRD "83"]
[BlackElo "1910"]
[BlackRD "67"]
[GameID "35478"]

1. e4 c6 2. d4 d5 3. e5 Bf5 4. Nc3 e6 5. Bd3 Bxd3 6. Qxd3 Nd7 7. Nf3 h5 8. Bf4 Ne7 9. Bg5 Qb6 10. Rb1 c5
11. O-O cxd4 12. Qxd4 Qxd4 13. Nxd4 Nxe5 14. Ncb5 Kd7 15. b4 a6 16. Nc3 Nc4 17. Na4 f6 18. Bc1 Nc6 19. c3 g6 20. Nxc6 bxc6
21. Rd1 Rb8 22. Rb3 Bd6 23. h4 e5 24. g3 e4 25. Nc5+ Bxc5 26. bxc5 Rb5 27. Rxb5 axb5 28. a3 Ra8 29. Kf1 Ke6 30. Re1 Nxa3
31. f3 f5 32. fxe4 fxe4 33. Kf2 Nb1 34. Re3 Ra2+ 35. Ke1 Rc2 36. Kd1 Rxc3 37. Rxc3 Nxc3+ 38. Kc2 Ne2 39. Kd2 Nxc1 40. Kxc1 Kf5
0-1

[Event "The New Year Standard Chess Tourney"]
[Site "SchemingMind.com"]
[Date "2006.01.07"]
[Round "-"]
[White "ld31337"]
[Black "sythymesnos"]
[Result "0-1"]
[WhiteCountry "USA"]
[BlackCountry "FRA"]
[WhiteElo "1307"]
[WhiteRD "98"]
[BlackElo "1894"]
[BlackRD "68"]
[GameID "35479"]

1. e4 c6 2. Nc3 d5 3. d3 dxe4 4. dxe4 Qxd1+ 5. Nxd1 Nf6 6. f3 e6 7. Bd2 Nbd7 8. Ne3 a5 9. O-O-O b5 10. Ne2 Bc5
11. g3 a4 12. a3 O-O 13. b4 axb3 14. cxb3 Bxa3+ 15. Kb1 Nc5 16. Nc2 Nxb3 17. Nxa3 Nxd2+ 18. Rxd2 Rxa3 19. Nd4 Bb7 20. f4 Nxe4
21. Ra2 Nc3+ 22. Kb2 Rxa2+ 23. Kxc3 c5 24. Nxb5 Bxh1 25. Nd6 Rb8 26. Bc4 Rxh2 27. g4 Rh3+ 28. Bd3 Rd8 29. Kd2 Rxd6 30. f5 Rdxd3+
31. Ke1 Rh2 32. f6 Ra3
0-1

[Event "The New Year Standard Chess Tourney"]
[Site "SchemingMind.com"]
[Date "2006.01.07"]
[Round "-"]
[White "Otbplayer"]
[Black "sythymesnos"]
[Result "1-0"]
[WhiteCountry "ENG"]
[BlackCountry "FRA"]
[WhiteElo "1855"]
[WhiteRD "97"]
[BlackElo "1835"]
[BlackRD "60"]
[GameID "35480"]

1. d4 e6 2. c4 Nf6 3. Bg5 Be7 4. Nf3 O-O 5. e3 c5 6. dxc5 Bxc5 7. Nc3 h6 8. Bh4 Be7 9. Bd3 d5 10. O-O Nbd7
11. cxd5 Nxd5 12. Bxe7 Nxe7 13. Qc2 Nf6 14. Rfd1 Qc7 15. Rac1 Bd7 16. Qe2 Bc6 17. Bb5 Bxb5 18. Qxb5 Rad8 19. Ne2 Rxd1+ 20. Rxd1 Ned5
21. h3 b6 22. Rc1 Qb7 23. Qc6 Qa6 24. Qc4 Qb7 25. Ned4 Kh8 26. Ne5 Ne7 27. Qc7 Qxc7 28. Rxc7 Nfd5 29. Rxa7 Kg8 30. e4 Nc8
31. Ra8 Nd6= 32. Rxf8+ Kxf8 33. exd5 exd5 34. Nd7+
1-0

[Event "The New Year Standard Chess Tourney"]
[Site "SchemingMind.com"]
[Date "2006.01.08"]
[Round "-"]
[White "PugadLawin"]
[Black "sythymesnos"]
[Result "1/2-1/2"]
[WhiteCountry "PHI"]
[BlackCountry "FRA"]
[WhiteElo "1752"]
[WhiteRD "88"]
[BlackElo "1765"]
[BlackRD "59"]
[GameID "35525"]

1. e4 c5 2. Nf3 d6 3. d4 cxd4 4. Nxd4 g6 5. c4 Bg7 6. Nc3 Nc6 7. Be3 Nf6 8. Be2 O-O 9. O-O h6 10. Kh1 e5
11. Ndb5 Ne8 12. Qd2 Kh7 13. Rfd1 Qh4 14. Bf1 Be6 15. f3 a6 16. Nxd6 Nxd6 17. Qxd6 Nd4 18. Rd2 Rfd8 19. Qb6 Rd7 20. Rad1 Rc8
21. Nd5 Rc6 22. Qa5 Kh8 23. b3 Qh5=
1/2-1/2

[Event "The New Year Standard Chess Tourney"]
[Site "SchemingMind.com"]
[Date "2006.01.08"]
[Round "-"]
[White "PugadLawin"]
[Black "Ashmaster"]
[Result "1-0"]
[WhiteCountry "PHI"]
[BlackCountry "IRL"]
[WhiteElo "1742"]
[WhiteRD "88"]
[BlackElo "1527"]
[BlackRD "59"]
[GameID "35527"]

1. e4 c5 2. Nf3 d6 3. d4 cxd4 4. Nxd4 Nf6 5. Nc3 a6 6. Bg5 Nbd7 7. Bc4 Qa5 8. Qd2 h6 9. Bxf6 Nxf6 10. O-O-O b5
11. Bb3 Bb7 12. Rhe1 e6 13. Kb1 Be7 14. f4 O-O 15. e5 dxe5 16. fxe5 Nd7 17. Nxe6 fxe6 18. Qxd7
1-0

[Event "The New Year Standard Chess Tourney"]
[Site "SchemingMind.com"]
[Date "2006.01.08"]
[Round "-"]
[White "PugadLawin"]
[Black "dvella"]
[Result "1-0"]
[WhiteCountry "PHI"]
[BlackCountry "MLT"]
[WhiteElo "1795"]
[WhiteRD "83"]
[BlackElo "1933"]
[BlackRD "83"]
[GameID "35528"]

1. d4 d5 2. c4 c6 3. Nf3 Nf6 4. Qc2 dxc4 5. Qxc4 Nbd7 6. Nc3 Nb6 7. Qb3 Bg4 8. e3 Bxf3 9. gxf3 e6 10. Bg2 Bd6
11. f4 Qc7 12. Bd2 O-O 13. Rc1 Qe7 14. O-O Nbd5 15. Kh1 Ng4 16. h3 Nh6 17. a3 Kh8 18. Ne4 Bb8 19. Nc5 Nb6 20. e4 Bd6
21. Nd3 Rac8 22. Be3 Qd7 23. Rfd1 Be7 24. a4 Rc7 25. a5 Nc8 26. Ne5 Qe8 27. Rc2 Nd6 28. a6 Bd8 29. axb7 Rxb7 30. Qa2 Rc7
31. Rdc1 f5 32. exf5 Nhxf5 33. Rxc6 Rxc6 34. Nxc6 Bb6 35. Re1 Nh4 36. Ne5 Nxg2 37. Kxg2 Nf5 38. d5 exd5 39. Qxd5 Ne7 40. Qd7 Qa8+
41. Kh2 Nd5 42. Rg1
1-0

[Event "The New Year Standard Chess Tourney"]
[Site "SchemingMind.com"]
[Date "2006.01.08"]
[Round "-"]
[White "PugadLawin"]
[Black "brightnight"]
[Result "1-0"]
[WhiteCountry "PHI"]
[BlackCountry "USA"]
[WhiteElo "1676"]
[WhiteRD "99"]
[BlackElo "1485"]
[BlackRD "83"]
[GameID "35529"]

1. e4 c5 2. Nf3 g6 3. d4 cxd4 4. Qxd4 f6 5. Be3 Nc6 6. Qd2 d6 7. Nc3 Bg4 8. Nd4 Bg7 9. f3 Bd7 10. O-O-O Nxd4
11. Bxd4 e5 12. Be3 Bf8 13. Bc4 h5 14. Qd5 Qe7 15. Qxb7 Rd8 16. Nd5 Qh7 17. Nc7+ Ke7 18. Nd5+ Ke8 19. Qxa7 Bg7 20. Nc7+ Ke7
21. Rxd6 Bh6 22. Rhd1 f5 23. Bxh6 Qxh6+ 24. Kb1 Nf6 25. Qc5
1-0

[Event "The New Year Standard Chess Tourney"]
[Site "SchemingMind.com"]
[Date "2006.01.08"]
[Round "-"]
[White "PugadLawin"]
[Black "ld31337"]
[Result "1-0"]
[WhiteCountry "PHI"]
[BlackCountry "USA"]
[WhiteElo "1676"]
[WhiteRD "99"]
[BlackElo "1310"]
[BlackRD "95"]
[GameID "35530"]

1. e4 e5 2. Nf3 Nc6 3. Bb5 Nf6 4. d3 Bc5 5. O-O O-O 6. Bxc6 dxc6 7. Nxe5 Bd7 8. d4 Bg4 9. Nxg4 Nxe4 10. dxc5 Nxc5
11. Qxd8 Raxd8 12. Nc3 b5 13. Be3 Ne6 14. Rad1 Rde8 15. h3 c5 16. b3 b4 17. Na4 f5 18. Nh2 h6 19. Nxc5 Nxc5 20. Bxc5 Rf7
21. Bxb4 g5 22. Rfe1 Re4 23. Rxe4 fxe4 24. Ng4 Kg7 25. Rd4 Rf4 26. g3
1-0

[Event "The New Year Standard Chess Tourney"]
[Site "SchemingMind.com"]
[Date "2006.01.08"]
[Round "-"]
[White "PugadLawin"]
[Black "Otbplayer"]
[Result "1/2-1/2"]
[WhiteCountry "PHI"]
[BlackCountry "ENG"]
[WhiteElo "1742"]
[WhiteRD "88"]
[BlackElo "1855"]
[BlackRD "97"]
[GameID "35531"]

1. e4 c6 2. d3 d5 3. Nd2 dxe4 4. dxe4 Nd7 5. Ngf3 e6 6. a4 Ngf6 7. c3 Bc5 8. Be2 O-O 9. O-O Qc7 10. b4 Bd6
11. Qc2 Nh5 12. Re1 Nf4 13. Bf1 Ng6 14. Nc4 Bf4 15. Ba3 b5 16. Na5 a6 17. c4 Nde5 18. Nd4 Nxc4 19. Nxc4 bxc4 20. g3 Be5
21. Qxc4 Bxd4 22. Qxd4 Rd8 23. Qc3 Bb7 24. Bg2 e5 25. Bc1 h6 26. Be3 Rac8 27. Rec1 Re8 28. h4 Rcd8 29. b5 axb5 30. axb5 Qc8
31. bxc6 Bxc6 32. Kh2 Bd7 33. Qxc8 Rxc8 34. Rxc8 Rxc8 35. Rc1 Ra8=
1/2-1/2

[Event "The New Year Standard Chess Tourney"]
[Site "SchemingMind.com"]
[Date "2006.01.08"]
[Round "-"]
[White "sythymesnos"]
[Black "PugadLawin"]
[Result "0-1"]
[WhiteCountry "FRA"]
[BlackCountry "PHI"]
[WhiteElo "1724"]
[WhiteRD "66"]
[BlackElo "1811"]
[BlackRD "87"]
[GameID "35532"]

1. e4 e6 2. d4 d5 3. e5 c5 4. c3 Nc6 5. Nf3 Qb6 6. a3 c4 7. Nbd2 Na5 8. b4 cxb3 9. Rb1 Bd7 10. Nxb3 Ba4
11. Nfd2 Rc8 12. Qf3 Nxb3 13. Nxb3 Bxb3 14. c4 dxc4 15. Bxc4 Rxc4 16. Bd2 Qc6 17. Qxb3 Ne7 18. O-O b6 19. Rbc1 b5 20. a4 a6
21. axb5 axb5 22. Rxc4 bxc4 23. Qb2 Nc8 24. Qc3 Be7 25. Qg3 O-O 26. Bh6 g6 27. Bxf8= Bxf8 28. Qc3 Nb6 29. Rc1 Be7 30. h3 h5
31. Rb1 Nd5 32. Qc1 Kg7 33. Kf1 c3 34. Kg1 Qc4 35. Kh2 Qxd4 36. Qe1 Bg5 37. Rd1 Qc5 38. h4 Bxh4 39. g3 Bg5 40. f4 Be7
41. Rc1 c2 42. Qd2 Ne3 43. Re1 Nf5 44. Rc1 Nd4 45. Kh3 Nb3 46. Qxc2 Nxc1 47. Qxc5 Bxc5 48. Kh4 Ne2 49. Kh3 Be3 50. Kg2 Nxf4+
51. gxf4 Bxf4 52. Kf3 Bxe5 53. Kg2 g5 54. Kh3 f5 55. Kg2 g4 56. Kh1 f4 57. Kg1 h4 58. Kh1 f3 59. Kg1 g3 60. Kh1 h3
61. Kg1 Bd4+ 62. Kh1 g2+ 63. Kh2 g1=Q+ 64. Kxh3 Qg2+ 65. Kh4 Bf6+ 66. Kh5 Qg5#
0-1

[Event "The New Year Standard Chess Tourney"]
[Site "SchemingMind.com"]
[Date "2006.01.15"]
[Round "-"]
[White "Ashmaster"]
[Black "PugadLawin"]
[Result "0-1"]
[WhiteCountry "IRL"]
[BlackCountry "PHI"]
[WhiteElo "1527"]
[WhiteRD "59"]
[BlackElo "1742"]
[BlackRD "88"]
[GameID "35534"]

1. e4 c5 2. Nf3 d6 3. d4 cxd4 4. Nxd4 Nf6 5. Nc3 Nc6 6. Bc4 Qb6 7. Nb3 e6 8. Be3 Qc7 9. O-O a6 10. Qd2 b5
11. Be2 Bb7 12. f4 b4 13. Nd1 Nxe4 14. Qd3 Nf6 15. Nf2 Be7 16. Nh3 O-O 17. Ng5 h6 18. Ne4 a5 19. Rad1 Ba6 20. Qd2 Nxe4
0-1

[Event "The New Year Standard Chess Tourney"]
[Site "SchemingMind.com"]
[Date "2006.01.08"]
[Round "-"]
[White "dvella"]
[Black "PugadLawin"]
[Result "1-0"]
[WhiteCountry "MLT"]
[BlackCountry "PHI"]
[WhiteElo "1969"]
[WhiteRD "85"]
[BlackElo "1752"]
[BlackRD "88"]
[GameID "35535"]

1. e4 e6 2. d4 d5 3. Nc3 Nf6 4. Bg5 Bb4 5. e5 h6 6. Bd2 Bxc3 7. bxc3 Ne4 8. Qg4 g6 9. Bd3 Nxd2 10. Kxd2 Qe7
11. Nf3 c5 12. h4 Bd7 13. Rab1 Bc6 14. Qf4 Nd7 15. Qe3 O-O-O 16. dxc5 Qxc5 17. Nd4 Nb6 18. Nxc6 Qxe3+ 19. Kxe3 bxc6 20. f4 h5
21. Rb4 Kc7 22. Rhb1 Rb8 23. Ba6 c5 24. Rb5 Kc6 25. a4 Nc4+ 26. Kd3 Rb6 27. Rxb6+ axb6 28. Bxc4 dxc4+ 29. Kxc4 Rd8 30. a5 Rd2
31. Rxb6+ Kc7 32. Kxc5 Rxc2 33. c4 Rxg2 34. a6 Ra2 35. Rb7+ Kc8 36. Rxf7 Rxa6 37. Rf6
1-0

[Event "The New Year Standard Chess Tourney"]
[Site "SchemingMind.com"]
[Date "2006.01.08"]
[Round "-"]
[White "brightnight"]
[Black "PugadLawin"]
[Result "0-1"]
[WhiteCountry "USA"]
[BlackCountry "PHI"]
[WhiteElo "1455"]
[WhiteRD "84"]
[BlackElo "1742"]
[BlackRD "88"]
[GameID "35536"]

1. e4 c5 2. Nf3 d6 3. Bc4 e6 4. O-O Nf6 5. Nc3 Be7 6. d3 O-O 7. h3 a6 8. Be3 b5 9. Bb3 Bb7 10. a3 d5
11. exd5 exd5 12. d4 c4 13. Ba2 Nc6 14. Bb1 Bd6 15. Re1 h6 16. Ne2 Re8 17. c3 Bc8 18. Bf4 Rxe2 19. Bxd6 Rxe1+ 20. Qxe1 Qxd6
21. Nh4 Ra7 22. Bc2 Re7 23. Qd2 Ne4 24. Bxe4 dxe4 25. Re1 g5 26. Re3 gxh4 27. g3 Ne5 28. Kg2 Nf3 29. Qe2 Qe6 30. Rxe4 Qxe4
31. Qxe4 Rxe4 32. Kxf3 hxg3 33. Kxe4 gxf2 34. Ke3 f1=Q 35. d5 Qd3+ 36. Kf4 Qxd5
0-1

[Event "The New Year Standard Chess Tourney"]
[Site "SchemingMind.com"]
[Date "2006.01.08"]
[Round "-"]
[White "ld31337"]
[Black "PugadLawin"]
[Result "0-1"]
[WhiteCountry "USA"]
[BlackCountry "PHI"]
[WhiteElo "1310"]
[WhiteRD "95"]
[BlackElo "1676"]
[BlackRD "99"]
[GameID "35537"]

1. d4 Nf6 2. e3 d5 3. Bd3 c5 4. dxc5 Qa5+ 5. c3 Qxc5 6. Nf3 Nc6 7. b4 Qb6 8. O-O e6 9. Nbd2 Be7 10. Nb3 O-O
11. Bb2 Rd8 12. Qc2 h6 13. c4 Nxb4 14. Qc3 Nxd3 15. Qxd3 dxc4 16. Qxc4 Bd7 17. Bd4 Qc6 18. Rac1 Qxc4 19. Rxc4 Bb5 20. Rc7 Bxf1
21. Kxf1 Rd7 22. Rc4 Ne8 23. Be5 f6 24. Bc3 e5 25. Nh4 Rc7 26. Nd2 Rxc4 27. Nxc4 Rc8 28. Bb2 Rxc4 29. Ng6 Kf7 30. Nh4 Rxh4
0-1

[Event "The New Year Standard Chess Tourney"]
[Site "SchemingMind.com"]
[Date "2006.01.08"]
[Round "-"]
[White "Otbplayer"]
[Black "PugadLawin"]
[Result "1/2-1/2"]
[WhiteCountry "ENG"]
[BlackCountry "PHI"]
[WhiteElo "1855"]
[WhiteRD "97"]
[BlackElo "1742"]
[BlackRD "88"]
[GameID "35538"]

1. d4 Nf6 2. c4 c5 3. e3 e6 4. Nf3 d5 5. Nc3 Nc6 6. cxd5 Nxd5 7. Bb5 Nxc3 8. bxc3 cxd4 9. exd4 Bd7 10. O-O Be7
11. a4 O-O 12. Ba3 Bxa3 13. Rxa3 Rc8 14. Ne5 Nxe5 15. dxe5 Bxb5 16. axb5 Qb6 17. Qa4 Ra8 18. Rd1 Rfd8 19. Rd4 Rxd4 20. cxd4 h6
21. h3 Rd8 22. Rd3 Rd5 23. Rc3 Rxd4 24. Rc8+ Kh7 25. Qc2+ g6 26. Rf8 Rf4 27. Qc8 Qxf2+ 28. Kh2 g5 29. Rh8+ Kg6 30. Qg8+ Kf5
31. Qxf7+ Kxe5 32. Qc7+ Ke4 33. Qxb7+ Ke5 34. Qc7+ Ke4 35. Qb7+ Ke5 36. Qc7+ Ke4 37. Qb7+=
1/2-1/2

[Event "The New Year Standard Chess Tourney"]
[Site "SchemingMind.com"]
[Date "2006.01.08"]
[Round "-"]
[White "thinkfirst29"]
[Black "sythymesnos"]
[Result "0-1"]
[WhiteCountry "USA"]
[BlackCountry "FRA"]
[WhiteElo "1601"]
[WhiteRD "71"]
[BlackElo "1910"]
[BlackRD "67"]
[GameID "35542"]

1. e4 c6 2. d4 d5 3. Nc3 dxe4 4. Nxe4 Bf5 5. Ng3 Bg6 6. h4 h6 7. h5 Bh7 8. Bd3 Bxd3 9. Qxd3 Nd7 10. Nf3 Ngf6
11. Bd2 Qc7 12. O-O-O O-O-O 13. Qa3 Kb8 14. Ba5 b6 15. Qb3 e6 16. c4 c5 17. dxc5 Nxc5 18. Rxd8+ Qxd8 19. Qb5 Bd6 20. Rd1 Bf4+
21. Nd2 Nd3+ 22. Kc2 Nxf2 23. c5 Nxd1 24. Nc4 Ne3+ 25. Nxe3 Bxe3 26. c6 Qd5 27. Qxd5 Nxd5 28. Bc3 Nxc3 29. Kxc3 Rd8 30. Ne4 Kc7
0-1

[Event "The New Year Standard Chess Tourney"]
[Site "SchemingMind.com"]
[Date "2006.01.08"]
[Round "-"]
[White "thinkfirst29"]
[Black "sherlocksridhar"]
[Result "1-0"]
[WhiteCountry "USA"]
[BlackCountry "IND"]
[WhiteElo "1646"]
[WhiteRD "68"]
[BlackElo "1029"]
[BlackRD "117"]
[GameID "35543"]

1. e4 c5 2. Nf3 d6 3. Bb5+ Nd7 4. Nc3 Nf6 5. d4 cxd4 6. Nxd4 e6 7. O-O d5 8. exd5 Nxd5 9. Nxd5 a6 10. Bxd7+ Bxd7
11. Nc3
1-0

[Event "The New Year Standard Chess Tourney"]
[Site "SchemingMind.com"]
[Date "2006.01.08"]
[Round "-"]
[White "thinkfirst29"]
[Black "PugadLawin"]
[Result "0-1"]
[WhiteCountry "USA"]
[BlackCountry "PHI"]
[WhiteElo "1603"]
[WhiteRD "70"]
[BlackElo "1752"]
[BlackRD "88"]
[GameID "35544"]

1. e4 c5 2. Nf3 d6 3. d4 cxd4 4. Nxd4 Nf6 5. Nc3 a6 6. Bc4 e6 7. a3 Be7 8. O-O O-O 9. Qf3 Qc7 10. Ba2 Nc6
11. Be3 Bd7 12. Rad1 b5 13. b4 Nxd4 14. Bxd4 e5 15. Nd5 Nxd5 16. Bxd5 exd4 17. Bxa8 Rxa8 18. Rxd4 Rc8 19. e5 dxe5 20. Rd2 Be6
21. Rfd1 f5 22. h3 h6 23. g4 e4 24. Qg2 Qc3 25. gxf5 Bxf5 26. Rd5 Qxh3 27. Re5 Bf6 28. Qxh3 Bxh3 29. Rxe4 Rxc2 30. Rd6 Bc8
31. Re3 h5 32. Kg2 h4 33. Rxf6 gxf6 34. Kg1 Kf7 35. Re4 h3 36. Rh4 Ra2 37. Rh7+ Kg6 38. Rc7 Bg4 39. Rc3 Kf5 40. Rg3 Kf4
41. a4 bxa4
0-1

[Event "The New Year Standard Chess Tourney"]
[Site "SchemingMind.com"]
[Date "2006.01.08"]
[Round "-"]
[White "thinkfirst29"]
[Black "Ashmaster"]
[Result "1-0"]
[WhiteCountry "USA"]
[BlackCountry "IRL"]
[WhiteElo "1646"]
[WhiteRD "68"]
[BlackElo "1527"]
[BlackRD "59"]
[GameID "35545"]

1. e4 c5 2. Nf3 d6 3. d4 cxd4 4. Nxd4 Nf6 5. Nc3 g6 6. Bc4 Bg7 7. Be3 O-O 8. h4 Nc6 9. Qd2 a6 10. Bh6 Bxh6
11. Qxh6 Nxd4 12. O-O-O Nc6 13. f3 Ne5 14. Bb3 b5 15. Ne2 Bb7 16. Nf4 a5 17. a4 bxa4 18. Bxa4 Bc6 19. Bb3 a4 20. Ba2 Qb6
21. h5 Rab8 22. b3 Bxe4 23. fxe4 Neg4 24. Qg5 Nf2 25. hxg6 Nxh1 26. gxh7+ Kh8 27. Rxh1 Qe3+ 28. Kb1 Qxe4 29. Qg3 e5 30. Nh3 Qg6
31. Qf2 axb3 32. Bxb3 Rxb3+ 33. Kc1 Rb7 34. Qf3 Rd7 35. Nf2 Qg5+ 36. Kd1 Ra8 37. Qxa8+
1-0

[Event "The New Year Standard Chess Tourney"]
[Site "SchemingMind.com"]
[Date "2006.01.08"]
[Round "-"]
[White "thinkfirst29"]
[Black "dvella"]
[Result "0-1"]
[WhiteCountry "USA"]
[BlackCountry "MLT"]
[WhiteElo "1601"]
[WhiteRD "71"]
[BlackElo "1941"]
[BlackRD "94"]
[GameID "35546"]

1. e4 c5 2. Nf3 d6 3. d4 cxd4 4. Nxd4 Nf6 5. Nc3 g6 6. Be3 Bg7 7. Bb5+ Bd7 8. Qe2 O-O 9. Bxd7 Nbxd7 10. O-O-O Rc8
11. h4 Rxc3 12. bxc3 Qa5 13. Qc4 Nxe4 14. a4 Nxc3 15. Nb3 Na2+ 16. Kb1 Nc3+ 17. Kc1 Qxa4 18. Qxa4 Nxa4 19. Bd4 Bxd4 20. Rxd4 Nac5
21. Re1 Rc8 22. Nxc5 Nxc5 23. Rxe7 Nb3+ 24. Kb2 Nxd4 25. c3 Nc6 26. Rxb7 Rb8 27. Rxb8+ Nxb8 28. Kb3 Kf8 29. Ka4 Ke7 30. f4 Ke6
31. c4 Kf5
0-1

[Event "The New Year Standard Chess Tourney"]
[Site "SchemingMind.com"]
[Date "2006.01.08"]
[Round "-"]
[White "thinkfirst29"]
[Black "brightnight"]
[Result "0-1"]
[WhiteCountry "USA"]
[BlackCountry "USA"]
[WhiteElo "1641"]
[WhiteRD "71"]
[BlackElo "1498"]
[BlackRD "84"]
[GameID "35547"]

1. e4 e5 2. Nf3 d6 3. d4 Bg4 4. dxe5 Nc6 5. exd6 Qxd6 6. Qxd6 Bxd6 7. Be2 Bxf3 8. Bxf3 Nd4 9. Kd2 O-O-O 10. Bg4+ Kb8
11. c3 Bf4+ 12. Kd1 Nb3+ 13. Ke2 Nxc1+ 14. Kf3 Nd3 15. Na3 Bh6 16. b3 Nf6 17. Bh3 Rhe8 18. g4 Nxe4 19. Rad1 Nexf2 20. Rxd3 Nxd3
0-1

[Event "The New Year Standard Chess Tourney"]
[Site "SchemingMind.com"]
[Date "2006.01.08"]
[Round "-"]
[White "thinkfirst29"]
[Black "ld31337"]
[Result "1-0"]
[WhiteCountry "USA"]
[BlackCountry "USA"]
[WhiteElo "1601"]
[WhiteRD "71"]
[BlackElo "1310"]
[BlackRD "95"]
[GameID "35548"]

1. e4 e5 2. Nf3 Nc6 3. d4 d6 4. Bb5 Bd7 5. Bxc6 Bxc6 6. dxe5 dxe5 7. Qxd8+ Rxd8 8. Nxe5 Bxe4 9. Be3 b6 10. c4 Nf6
11. O-O Bd6 12. Bf4 O-O 13. Nd2 Bd3 14. Rfe1 Bc5 15. Nxd3 Rxd3 16. Ne4 Bd4 17. Rab1 h6 18. b3 Re8 19. Nxf6+ Bxf6 20. Rxe8+ Kh7
21. Bxc7 Rd2 22. Be5 Re2 23. f4 h5 24. a4 g5 25. Bxf6 Rxe8 26. fxg5 Kg6 27. h4 Re3 28. Kf2 Re4 29. g3
1-0